[Event "Catalunya-chT Gp2"]
[Site "Barcelona"]
[Date "2024.03.02"]
[Round "7.5"]
[White "Martin Capitan, Feliciano"]
[Black "Alcala Gonzalez, Cesar"]
[Result "0-1"]
[WhiteElo "2028"]
[BlackElo "2247"]
[PlyCount "66"]
[EventDate "2024.01.20"]
[EventType "team-tourn"]
[EventRounds "7"]
[EventCountry "ESP"]
[SourceTitle "CB11_2024"]
[SourceDate "2024.03.13"]
[SourceVersion "1"]
[SourceVersionDate "2024.03.13"]
[SourceQuality "1"]
[WhiteTeam "Llinars"]
[BlackTeam "Barcelona Escacs CC"]
[WhiteTeamCountry "ESP"]
[BlackTeamCountry "ESP"]

1. e4 c6 2. d4 d5 3. exd5 cxd5 4. Bd3 Nc6 5. c3 Qc7 6. Ne2 Bg4 7. f3 Bd7 8. Na3 a6 9. 0-0 e5 10. dxe5 Nxe5 11. Bf4 Bd6 12. Bxe5 Bxe5 13. f4 Bd6 14. Qb3 Nf6 15. c4 Bc5+ 16. Kh1 Ng4 17. cxd5 Nf2+ 18. Rxf2 Bxf2 19. Rc1 Qb6 20. Qc3 0-0 21. Nc4 Qh6 22. Rf1 Ba7 23. Ne5 Bb5 24. Ng3 Rad8 25. Bxb5 axb5 26. Qb3 Qb6 27. Nf5 Qf6 28. Qd3 g6 29. Ng4 Qxb2 30. Nfh6+ Kg7 31. f5 f6 32. Qh3 g5 33. Ng8 Kxg8 0-1

[Event "Catalunya-chT Gp2"]
[Site "Barcelona"]
[Date "2024.02.10"]
[Round "4.6"]
[White "Martin Capitan, Feliciano"]
[Black "Salgado Allaria, Carlos Fernando"]
[Result "1-0"]
[WhiteElo "2028"]
[BlackElo "2228"]
[PlyCount "65"]
[EventDate "2024.01.20"]
[EventType "team-tourn"]
[EventRounds "7"]
[EventCountry "ESP"]
[SourceTitle "CB11_2024"]
[SourceDate "2024.03.13"]
[SourceVersion "1"]
[SourceVersionDate "2024.03.13"]
[SourceQuality "1"]
[WhiteTeam "Llinars"]
[BlackTeam "Platja D'Aro"]
[WhiteTeamCountry "ESP"]
[BlackTeamCountry "ESP"]

1. e4 c5 2. c4 Nc6 3. Nc3 e6 4. g3 Nf6 5. Bg2 d5 6. exd5 exd5 7. cxd5 Nb4 8. d3 Nbxd5 9. Nge2 Be6 10. 0-0 Qd7 11. d4 c4 12. Nf4 Nxf4 13. Bxf4 Rd8 14. d5 Nxd5 15. Nxd5 Bxd5 16. Bxd5 Qxd5 17. Re1+ Be7 18. Qe2 Rd7 19. Rad1 Qe6 20. Qf3 Rxd1 21. Qxd1 Qd7 22. Bd6 0-0 23. Rxe7 Qb5 24. Ba3 c3 25. bxc3 h5 26. Qf3 Qb1+ 27. Kg2 Qxa2 28. Bb4 a5 29. Re2 Qxe2 30. Qxe2 axb4 31. cxb4 Rc8 32. Qxh5 Rc6 33. Qd5 1-0

[Event "ESP-ch Rapid"]
[Site "Linares"]
[Date "2023.08.19"]
[Round "5"]
[White "Martin Capitan, Feliciano"]
[Black "Prado Lobo, Jonas"]
[Result "0-1"]
[WhiteElo "2046"]
[BlackElo "2376"]
[PlyCount "84"]
[EventDate "2023.08.19"]
[EventType "swiss (rapid)"]
[EventRounds "10"]
[EventCountry "ESP"]
[SourceTitle "CBM 215 Extra"]
[Source "ChessBase"]
[SourceDate "2023.09.30"]
[SourceVersion "1"]
[SourceVersionDate "2023.09.30"]
[SourceQuality "1"]

1. e4 e6 2. d4 d5 3. e5 c5 4. c3 Nc6 5. Nf3 Qb6 6. a3 Nge7 7. b4 cxd4 8. cxd4 Nf5 9. Bb2 Be7 10. g4 Nh4 11. Nbd2 0-0 12. Rc1 Bd7 13. Nxh4 Bxh4 14. Nf3 Be7 15. g5 Rac8 16. Bd3 Na5 17. 0-0 Nc4 18. Qe2 Bb5 19. Rfd1 a5 20. Bc3 Qa6 21. h4 Nxa3 22. bxa5 Bxd3 23. Qxd3 Qxd3 24. Rxd3 Nc4 25. Rb1 Rc7 26. Nd2 f6 27. gxf6 gxf6 28. Nxc4 dxc4 29. Rg3+ Kh8 30. Rb6 fxe5 31. Rxe6 Bxh4 32. Rg2 Rcf7 33. Rxe5 Bxf2+ 34. Kh1 Rf3 35. Re2 Rxc3 36. Rexf2 Rxf2 37. Rxf2 Rd3 38. Rc2 Rxd4 39. Kg2 Kg7 40. Kf3 Kf6 41. Rb2 Rd7 42. Ke4 c3 0-1

[Event "ESP-chT CECLUB Div2"]
[Site "Linares"]
[Date "2023.08.16"]
[Round "5.32"]
[White "Merario Alarcon, Andres"]
[Black "Martin Capitan, Feliciano"]
[Result "1-0"]
[WhiteElo "2458"]
[BlackElo "2046"]
[PlyCount "69"]
[EventDate "2023.08.13"]
[EventType "team-swiss"]
[EventRounds "7"]
[EventCountry "ESP"]
[SourceTitle "EXT 2024"]
[Source "ChessBase"]
[SourceDate "2023.10.10"]
[SourceVersion "1"]
[SourceVersionDate "2023.10.10"]
[SourceQuality "1"]
[WhiteTeam "Marbella Metro"]
[BlackTeam "Llinars Renting"]
[WhiteTeamCountry "ESP"]
[BlackTeamCountry "ESP"]

1. d4 d5 2. c4 e6 3. Nc3 Bb4 4. a3 Bxc3+ 5. bxc3 Nf6 6. cxd5 exd5 7. e3 0-0 8. Bd3 c5 9. Ne2 b6 10. 0-0 Ba6 11. f3 Re8 12. Ng3 Bxd3 13. Qxd3 Nc6 14. Bb2 Na5 15. Rae1 Nc4 16. Bc1 Rc8 17. e4 Qc7 18. e5 Nd7 19. f4 Na5 20. Nf5 cxd4 21. Qg3 g6 22. cxd4 Qc3 23. Qg5 Nb3 24. Be3 Nd2 25. Bxd2 Qxd2 26. Rd1 Qc3 27. Ne7+ Rxe7 28. Qxe7 Nf8 29. f5 Rc7 30. Qd8 Rd7 31. Qf6 Qxa3 32. e6 Qe7 33. Qe5 fxe6 34. fxe6 Nxe6 35. Rde1 1-0

[Event "Barbera del Valles op 44th"]
[Site "Barbera del Valles"]
[Date "2022.07.04"]
[Round "1"]
[White "Garcia Rodriguez, Laia"]
[Black "Martin Capitan, Feliciano"]
[Result "0-1"]
[WhiteElo "1809"]
[BlackElo "2099"]
[PlyCount "68"]
[EventDate "2022.07.04"]
[EventType "swiss"]
[EventRounds "9"]
[EventCountry "ESP"]
[SourceTitle "EXT 2023"]
[Source "ChessBase"]
[SourceDate "2022.10.05"]
[SourceVersion "1"]
[SourceVersionDate "2022.10.05"]
[SourceQuality "1"]

1. e4 e5 2. d4 exd4 3. Qxd4 Nc6 4. Qd1 Nf6 5. Nc3 Bb4 6. Bd2 0-0 7. Bd3 Re8 8. Nge2 Bxc3 9. Nxc3 d5 10. 0-0 dxe4 11. Bc4 Bg4 12. Be2 Bxe2 13. Nxe2 Qe7 14. c3 Rad8 15. Qc2 Ne5 16. Rad1 Nd3 17. Bg5 h6 18. Bh4 c5 19. c4 Qe5 20. b3 g5 21. Bg3 Nf4 22. Nxf4 gxf4 23. Bh4 Rd4 24. Bxf6 Qxf6 25. Rde1 Qg6 26. f3 e3 27. Qxg6+ fxg6 28. g3 g5 29. h4 Rd2 30. hxg5 hxg5 31. a4 Kf7 32. gxf4 gxf4 33. Rb1 a5 34. Kh1 e2 0-1

[Event "ESP-chT CECLUB Div1"]
[Site "Linares"]
[Date "2018.08.10"]
[Round "5.3"]
[White "Garcia Molina, Jose"]
[Black "Martin Capitan, Feliciano"]
[Result "1-0"]
[WhiteElo "1969"]
[BlackElo "2066"]
[PlyCount "67"]
[EventDate "2018.08.06"]
[EventType "team-tourn"]
[EventRounds "7"]
[EventCountry "ESP"]
[SourceTitle "CBM 185 Extra"]
[Source "ChessBase"]
[SourceDate "2018.07.29"]
[SourceVersion "1"]
[SourceVersionDate "2018.07.29"]
[SourceQuality "1"]
[WhiteTeam "Silla Lopez Instalaciones"]
[BlackTeam "Barbera"]
[WhiteTeamCountry "ESP"]
[BlackTeamCountry "ESP"]

1. d4 d5 2. c4 e6 3. Nc3 c6 4. Nf3 f5 5. Qc2 Nf6 6. e3 Bd6 7. Bd3 0-0 8. Bd2 Ne4 9. h4 Nd7 10. Rf1 Ndf6 11. 0-0-0 Ng4 12. Be1 Bd7 13. Bxe4 fxe4 14. Nd2 Qe7 15. Qb3 Be8 16. c5 Bb8 17. Ne2 Kh8 18. f3 Nh2 19. Rf2 e5 20. fxe4 Rxf2 21. Bxf2 exd4 22. exd4 Ng4 23. Bg1 dxe4 24. Rf1 e3 25. Bxe3 Nf6 26. Bg5 Bh5 27. Nf4 Bxf4 28. Bxf4 Nd5 29. Be5 b6 30. Bd6 Qxh4 31. Qa4 b5 32. Qxa7 Rg8 33. Be5 Ne3 34. Qxg7+ 1-0

[Event "Barcelona Sant Marti op-A 18th"]
[Site "Barcelona"]
[Date "2016.07.18"]
[Round "6"]
[White "Ojas, Kulkarni"]
[Black "Martin Capitan, Feliciano"]
[Result "1-0"]
[WhiteElo "2006"]
[BlackElo "2124"]
[PlyCount "57"]
[EventDate "2016.07.13"]
[EventType "swiss"]
[EventRounds "9"]
[EventCountry "ESP"]
[SourceTitle "CBM 173 Extra"]
[Source "ChessBase"]
[SourceDate "2016.08.29"]
[SourceVersion "1"]
[SourceVersionDate "2016.08.29"]
[SourceQuality "1"]

1. d4 d5 2. c4 e6 3. Nc3 Bb4 4. cxd5 exd5 5. Bf4 Nf6 6. e3 0-0 7. Bd3 Bxc3+ 8. bxc3 c5 9. Ne2 Re8 10. Ng3 Qa5 11. 0-0 Nbd7 12. Nf5 c4 13. Bc2 Ne4 14. Bxe4 dxe4 15. Nd6 Re6 16. Nxc4 Qd5 17. Qb3 Qh5 18. Nd6 Nb6 19. a4 Bd7 20. a5 Nd5 21. Qxb7 Rd8 22. Bg3 Nxc3 23. Qc7 Ne2+ 24. Kh1 Qg5 25. Nb7 Nxg3+ 26. fxg3 Rde8 27. Qxd7 R6e7 28. Qa4 Qxe3 29. Nd6 1-0

[Event "Barcelona Sant Marti op-A 18th"]
[Site "Barcelona"]
[Date "2016.07.17"]
[Round "5"]
[White "Martin Capitan, Feliciano"]
[Black "Teichmann, Erik Oskar Michael"]
[Result "0-1"]
[WhiteElo "2124"]
[BlackElo "2312"]
[PlyCount "48"]
[EventDate "2016.07.13"]
[EventType "swiss"]
[EventRounds "9"]
[EventCountry "ESP"]
[SourceTitle "CBM 173 Extra"]
[Source "ChessBase"]
[SourceDate "2016.08.29"]
[SourceVersion "1"]
[SourceVersionDate "2016.08.29"]
[SourceQuality "1"]

1. e4 Nc6 2. Nc3 e6 3. Nf3 Bb4 4. a3 Bxc3 5. dxc3 d6 6. Bc4 Nge7 7. 0-0 0-0 8. Qe2 Ng6 9. Bg5 Nce7 10. Rad1 h6 11. Bc1 e5 12. h3 Kh8 13. Nh2 f5 14. f4 exf4 15. exf5 Bxf5 16. Bxf4 Qd7 17. Bg3 Qc6 18. Nf3 d5 19. Bb3 Be4 20. Kh1 Rae8 21. Nd4 Qd7 22. Kh2 c5 23. Nb5 Nf5 24. Rxf5 Bxf5 0-1

[Event "Barcelona Sant Marti op-A 18th"]
[Site "Barcelona"]
[Date "2016.07.13"]
[Round "1"]
[White "Martin Capitan, Feliciano"]
[Black "Alvarez Pedraza, Aramis"]
[Result "1/2-1/2"]
[WhiteElo "2124"]
[BlackElo "2484"]
[PlyCount "83"]
[EventDate "2016.07.13"]
[EventType "swiss"]
[EventRounds "9"]
[EventCountry "ESP"]
[SourceTitle "CBM 173 Extra"]
[Source "ChessBase"]
[SourceDate "2016.08.29"]
[SourceVersion "1"]
[SourceVersionDate "2016.08.29"]
[SourceQuality "1"]

1. e4 g6 2. d4 Bg7 3. Nc3 c6 4. Be3 d5 5. f3 dxe4 6. fxe4 Nf6 7. Be2 0-0 8. e5 Nd5 9. Nxd5 Qxd5 10. Nf3 f6 11. 0-0 Be6 12. Qd2 fxe5 13. Nxe5 Rxf1+ 14. Rxf1 Bxe5 15. dxe5 Qxd2 16. Bxd2 Nd7 17. Bc3 Rf8 18. Rxf8+ Kxf8 19. b3 Bf5 20. Bd1 Kf7 21. g4 Be4 22. Kf2 Ke6 23. Ke3 Bh1 24. Kf4 h6 25. h4 Nf8 26. Be2 Kf7 27. Bd3 Bd5 28. Bd2 Kg7 29. Be3 a6 30. Kg3 Bf7 31. Bc5 Nd7 32. Bxe7 Nxe5 33. g5 hxg5 34. hxg5 Nxd3 35. cxd3 Bd5 36. Kf4 Kf7 37. Bf6 Ke6 38. Ke3 c5 39. d4 c4 40. bxc4 Bxc4 41. a3 Kd5 42. Kd2 1/2-1/2

[Event "Mislata op-A 47th"]
[Site "Mislata"]
[Date "2013.08.13"]
[Round "2"]
[White "Guillem Mora, Carlos"]
[Black "Martin Capitan, Feliciano"]
[Result "0-1"]
[WhiteElo "1903"]
[BlackElo "2105"]
[PlyCount "124"]
[EventDate "2013.08.12"]
[EventType "swiss"]
[EventRounds "9"]
[EventCountry "ESP"]
[SourceTitle "EXT 2024"]
[Source "ChessBase"]
[SourceDate "2023.10.10"]
[SourceVersion "1"]
[SourceVersionDate "2023.10.10"]
[SourceQuality "1"]

1. c4 c5 2. Nc3 Nc6 3. g3 g6 4. Bg2 Bg7 5. Nf3 e5 6. 0-0 Nge7 7. Ne1 0-0 8. Nc2 d6 9. Rb1 Rb8 10. d3 Be6 11. a3 Qd7 12. b4 Bh3 13. a4 Bxg2 14. Kxg2 f5 15. bxc5 dxc5 16. Rb5 b6 17. Bd2 Rbd8 18. Bg5 e4 19. Nd5 Nxd5 20. cxd5 exd3 21. dxc6 Qxc6+ 22. Kg1 dxc2 23. Qxc2 Bf6 24. Qc4+ Qd5 25. Qxd5+ Rxd5 26. Bxf6 Rxf6 27. a5 Rd2 28. Rfb1 Rxe2 29. axb6 axb6 30. Rxb6 Rxb6 31. Rxb6 Kf7 32. Kg2 c4 33. Rc6 Re4 34. Kf1 Ke7 35. f3 Rd4 36. Ke2 Kd7 37. Rc5 Kd6 38. Rc8 Kd5 39. Rc7 h6 40. Rc8 g5 41. Rc7 h5 42. h3 h4 43. g4 fxg4 44. fxg4 Ke4 45. Kf2 Kd3 46. Ke1 Ke3 47. Rc5 Kf4 48. Kf2 Rd2+ 49. Ke1 Rc2 50. Rf5+ Kg3 51. Rxg5 Kxh3 52. Rc5 Kxg4 53. Kd1 Rc3 54. Kd2 Rd3+ 55. Ke2 Rd4 56. Ke3 Rd7 57. Rxc4+ Kg3 58. Re4 h3 59. Re8 Rg7 60. Kd2 h2 61. Re1 Rd7+ 62. Kc3 Kf2 0-1

[Event "Barcelona Barri Gotic op 2nd"]
[Site "Barcelona"]
[Date "2013.05.13"]
[Round "5.3"]
[White "Vidarte Morales, Arturo"]
[Black "Martin Capitan, Feliciano"]
[Result "1-0"]
[WhiteElo "2345"]
[BlackElo "2060"]
[PlyCount "35"]
[EventDate "2013.04.15"]
[EventType "swiss"]
[EventRounds "8"]
[EventCountry "ESP"]
[SourceTitle "EXT 2024"]
[Source "ChessBase"]
[SourceDate "2023.10.10"]
[SourceVersion "1"]
[SourceVersionDate "2023.10.10"]
[SourceQuality "1"]

1. c4 g6 2. d4 Bg7 3. Nc3 d6 4. e4 c6 5. Be3 Nd7 6. Qd2 a6 7. Bd3 b5 8. Nge2 b4 9. Na4 a5 10. 0-0 Qc7 11. a3 Rb8 12. b3 c5 13. Bc2 h5 14. Ra2 Nh6 15. f3 Kf8 16. Rd1 Kg8 17. dxc5 dxc5 18. Nxc5 1-0

[Event "Barbera del Valles op 34th"]
[Site "Barbera del Valles"]
[Date "2011.07.09"]
[Round "6"]
[White "Phadke, Sohan"]
[Black "Martin Capitan, Feliciano"]
[Result "0-1"]
[WhiteElo "2252"]
[BlackElo "2133"]
[PlyCount "72"]
[EventDate "2011.07.04"]
[EventType "swiss"]
[EventRounds "9"]
[EventCountry "ESP"]
[SourceTitle "CBM 143 Extra"]
[Source "ChessBase"]
[SourceDate "2011.08.29"]
[SourceVersion "1"]
[SourceVersionDate "2011.08.29"]
[SourceQuality "1"]

1. e4 e5 2. Nf3 Nc6 3. Bc4 Nf6 4. d3 Bc5 5. c3 Bb6 6. 0-0 d6 7. Bb3 0-0 8. h3 Ne7 9. Re1 Ng6 10. Nbd2 Nh5 11. Nc4 Nhf4 12. Nxb6 axb6 13. Kh2 Qf6 14. Be3 Be6 15. Bc2 Rad8 16. d4 Bc8 17. d5 Qe7 18. Ng1 Qd7 19. Qf3 Nh4 20. Qg4 Qe7 21. Qg3 Nhxg2 22. Rf1 f5 23. Nf3 Rf6 24. exf5 Bxf5 25. Bxf5 Rxf5 26. Rg1 Nxe3 27. fxe3 Ne2 28. Qg4 Nxg1 29. Rxg1 Rdf8 30. Ng5 Rf2+ 31. Kh1 Qf6 32. Ne6 Rf7 33. Ng5 Rc2 34. Qc8+ Rf8 35. Qg4 h6 36. Ne6 Qf3+ 0-1

[Event "Collado Villalba op-A 27th"]
[Site "Collado Villalba"]
[Date "2010.08.20"]
[Round "1"]
[White "Martin Capitan, Feliciano"]
[Black "Mamedov, Nidjat"]
[Result "0-1"]
[WhiteElo "2137"]
[BlackElo "2604"]
[PlyCount "70"]
[EventDate "2010.08.20"]
[EventType "swiss"]
[EventRounds "10"]
[EventCountry "ESP"]
[SourceTitle "CBM 138 Extra"]
[Source "ChessBase"]
[SourceDate "2010.10.29"]
[SourceVersion "1"]
[SourceVersionDate "2010.10.29"]
[SourceQuality "1"]

1. e4 c5 2. c4 Nc6 3. Nc3 g6 4. g3 Bg7 5. Bg2 a6 6. Nge2 e6 7. d3 Nge7 8. 0-0 d6 9. Be3 Nd4 10. Qd2 0-0 11. Bh6 Bd7 12. Bxg7 Kxg7 13. Nxd4 cxd4 14. Ne2 e5 15. f4 f6 16. h3 b5 17. g4 bxc4 18. dxc4 Qb6 19. Kh2 Nc6 20. f5 Qb4 21. Qc2 Rab8 22. b3 a5 23. Rf3 a4 24. Raf1 axb3 25. axb3 g5 26. h4 h6 27. Rh3 gxh4 28. Rff3 Nd8 29. Rxh4 Nf7 30. Ng3 Ng5 31. Rd3 Be8 32. Qc1 Ra8 33. Ne2 Ra2 34. Ng1 Bc6 35. Kh1 Rxg2 0-1